Ministrowie Kultury i Dziedzictwa Narodowego III RP - Statystyki

Ogólne statystyki
  • Ten quiz został rozwiązany 4 razy
  • Średni wynik to 5 z 21
Statystyki odpowiedzi
Imię i Nazwisko Partia Czas Urzędowania Rząd % Poprawnych
Hanna Wróblewska bezpartyjna związana z KO 2024 - 2025 Trzeci Rząd Tuska
100%
Piotr Gliński PiS 2015 - 2021 Rząd Szydło / Pierwszy i Drugi Rząd Morawieckiego
67%
Bartłomiej Sienkiewicz PO 2023 - 2024 Trzeci Rząd Tuska
33%
Bogdan Zdrojewski PO 2007 - 2014 Pierwszy i Drugi Rząd Tuska
33%
Izabella Cywińska bezpartyjna 1989 - 1991 Rząd Mazowieckiego
33%
Kazimierz Michał Ujazdowski Przymierze Prawicy 2000 - 2001 Rząd Buzka
33%
Kazimierz Michał Ujazdowski PiS 2005 - 2007 Rząd Marcinkiewicza / Kaczyńskiego
33%
Małgorzata Omilanowska bezpartyjna 2014 - 2015 Drugi Rząd Tuska / Rząd Kopacz
33%
Marta Cienkowska PL2050 2025 - nadal Trzeci Rząd Tuska
33%
Waldemar Dąbrowski bezpartyjny 2002 - 2005 Rząd Millera / Pierwszy i Drugi Rząd Belki
33%
Zdzisław Podkański PSL 1996 - 1997 Rząd Cimoszewicza
33%
Andrzej Celiński SLD 2001 - 2002 Rząd Millera
0%
Andrzej Siciński bezpartyjny 1991 - 1992 Rząd Olszewskiego
0%
Andrzej Zakrzewski SKL 1999 - 2000 Rząd Buzka
0%
Andrzej Zieliński RS AWS 2001 - 2001 Rząd Buzka
0%
Dominika Chorosińska PiS 2023 - 2023 Trzeci Rząd Morawieckiego
0%
Jerzy Góral ZChN 1993 - 1993 Rząd Suchockiej
0%
Joanna Wnuk-Nazarowa UW 1997 - 1999 Rząd Buzka
0%
Kazimierz Dejmek bezpartyjny związany z PSL 1993 - 1996 Rząd Pawlaka / Oleksego
0%
Marek Rostworowski bezpartyjny 1991 - 1991 Rząd Bieleckiego
0%
Piotr Łukasiewicz bezpartyjny 1992 - 1993 Rząd Suchockiej
0%
Nie znaleziono quizów pasujących do podanych kryteriów
Rozkład punktacji
Procent ludzi z każdym wynikiem
Percentyl według liczby udzielonych odpowiedzi
Twoja historia wyników
Nie rozwiązałeś tego quizu